| 000 | 00823cab a2200265 4500 | ||
|---|---|---|---|
| 001 | ABS59027 | ||
| 008 | 090401t1998 xxu||||| |||| 00| 0 eng d | ||
| 035 | _a(Sirsi) u87490 | ||
| 041 | _aeng | ||
| 100 | _aEade, C. | ||
| 245 | _aMarylebone High Street shakes off its village roots | ||
| 260 | _c1998 | ||
| 350 | _a0 | ||
| 490 |
_aProperty Week _v63(11) 3 July 1998, 21(1) |
||
| 520 | _aDiscusses the increase in freehold ownership of Marylebone High Street by Howard de Walden Estate. Looks at the history of the street and the Estate`s strategy for its future. | ||
| 650 | _aHISTORY | ||
| 650 | _aMARYLEBONE | ||
| 650 | _aRENTS | ||
| 650 | _aRETAIL SECTOR | ||
| 650 | _aSTRATEGY | ||
| 650 | _aTENANT MIX | ||
| 690 | _aPROPERTY-COMMERCIAL PROPERTY-RETAIL PROPERTY | ||
| 942 | _n0 | ||
| 948 | _c17/07/1998 | ||
| 999 |
_c55188 _d55188 |
||